Iron Man, quel film ? - Statistiques

Statistiques générales
  • Ce quiz a été pris 293 fois
    280 depuis la dernière actualisation
  • Le résultat moyen est 8 sur 9
Statistiques - réponses
Par images Réponse % Correct
Avengers
99%
Iron Man
98%
Iron Man 3
94%
Avengers : Endgame
92%
Iron Man 2
90%
Spider-Man : Homecoming
89%
Avengers: Infinity War
86%
Captain America : Civil War
83%
Avengers : L'Ère d'Ultron
78%
Aucun quiz correspondant
Distribution des résultats
% des personnes avec chaque résultat
Percentile par nombre de réponses
Votre historique - résultats
Vous n’avez pas pris ce quiz depuis la dernière actualisation